| 000 | 01892nam a2200553 i 4500 | ||
|---|---|---|---|
| 001 | 10430 | ||
| 003 | KOSZ 005 | ||
| 005 | 20200629084547.0 | ||
| 008 | 070708s1970 pl a |000 0 pol | ||
| 015 | _aUWD 1970/5457 | ||
| 035 | _a991034895589705066 | ||
| 035 | _a(PL-WaBN)b19388494-48omnis_nlop | ||
| 035 | _ab19388494 | ||
| 035 | _a(OCoLC)829880126 | ||
| 035 | _a(PL)b0000001938849 | ||
| 035 | _a(EXLNZ-48OMNIS_NETWORK)9910424843505606 | ||
| 040 |
_aWA N _cWA N _dKOSZ 005/AR |
||
| 041 | 0 | _apol | |
| 044 | _apl | ||
| 080 | _a539.3/.6 | ||
| 080 | _a620.17 | ||
| 080 | _a624.04 | ||
| 080 | _a(075.8) | ||
| 245 | 0 | 0 |
_aBadania własności mechanicznych materiałów konstrukcyjnych : _b[praca zbiorowa / _cpod redakcją W. Kasprzaka i T. Porębskiego]. |
| 246 | 1 | 8 | _aMateriały konstrukcyjne |
| 260 |
_aWrocław : _bPolitechnika Wrocławska, _c1970. |
||
| 300 |
_a352 strony : _bilustracje ; _c23 cm. |
||
| 336 |
_aTekst _btxt _2rdacontent |
||
| 337 |
_aBez urządzenia pośredniczącego _bn _2rdamedia |
||
| 338 |
_aWolumin _bnc _2rdacarrier |
||
| 380 | _aKsiążki | ||
| 380 | _aPublikacje fachowe | ||
| 380 | _aPublikacje dydaktyczne | ||
| 388 | _a1901-2000 | ||
| 388 | _a1945-1970 | ||
| 490 | 1 | _aSkrypty / Politechnika Wrocławska | |
| 650 | 7 | _aTworzywa konstrukcyjne | |
| 650 | 7 | _aWytrzymałość materiałów | |
| 650 | 7 | _aMateriałoznawstwo | |
| 655 | 7 |
_aPodręczniki akademickie _2DBN |
|
| 658 | _aInżynieria i technika | ||
| 700 | 1 |
_aKasprzak, Wacław _d(1932- ) _eRedakcja |
|
| 700 | 1 |
_aPorębski, Tadeusz _d(1931-2001) _eRedakcja |
|
| 710 |
_aPolitechnika Wrocławska _4pbl |
||
| 830 | 0 | _aSkrypty - Politechnika Wrocławska | |
| 856 |
_uhttp://koha.tu.koszalin.pl/cgi-bin/koha/opac-detail.pl?biblionumber=10430 _yKatalog online BPK |
||
| 942 |
_2UKD _cKS |
||
| 999 |
_c10430 _d10430 |
||